000 00539nam a2200169Ia 4500
008 090711s9999 xx 000 0 und d
082 _b61549
100 _aअदवंत म. ना.
245 _aनिवडक प्रभाकर अत्रे
260 _c1988
300 _a216
600 _aअदवंत म. ना.
630 _aनिवडक प्रभाकर अत्रे
700 _aअदवंत म. ना.
730 _aनिवडक प्रभाकर अत्रे
942 _cBOOK
999 _c310334
_d310334